| 000 | 00852nam a2200217 u 4500 | ||
|---|---|---|---|
| 001 | 000020533 | ||
| 005 | 20200930011126.0 | ||
| 008 | 100810s19uu sp r 001 0 spa d | ||
| 040 |
_aDO-SdBNP _bspa _cBNPHU |
||
| 082 |
_axxx _bxxx |
||
| 100 | 1 |
_aStein, Friedrich _d1818-1885 _943257 |
|
| 245 | 1 | 3 |
_aEl conocimiento privado del juez : _binvestigaciones sobre el derecho probatorio en ambos procesos / _cFriedrich Stein, traducción y notas Andrés de la Oliva Santos ; presentación Prieto Castro y Ferrándiz. |
| 250 | _a2a. ed. | ||
| 260 |
_a[España] : _b[s.d.], _c[19--?]. |
||
| 300 |
_a238 p. ; _c21 cm. |
||
| 500 | _aIncluye indice de materias. | ||
| 500 | _aIncluye notas a pie de páginas | ||
| 590 | _aInventariado, 2019/ YL | ||
| 700 | 1 |
_aOliva Santos, Andrés de la _etr. not. _943258 |
|
| 700 | 1 |
_aCastro y Ferrándiz, Prieto _eprest. _943259 |
|
| 999 |
_c20037 _d20037 |
||